The Only Clash Royale Card ... - Statistics

General Stats
  • This quiz has been taken 1,394 times
  • The average score is 8 of 15
Answer Stats
The only Clash Royale card that... Card % Correct
is an air tank Lava Hound
86%
can turn opponent troops into pigs that fight for your side Mother Witch
86%
can dash up to a distance of 6 tiles Bandit
78%
can turn from a troop into a building Cannon Cart
78%
can one-shot Elite Barbarians Rocket
71%
can't be placed on the opponent's side if you've only taken one Princess Tower Royal Recruits
69%
automatically activates the King Tower in 2v2 Mode when it attacks the Princess Tower Firecracker
64%
replaced a card that got removed Heal Spirit
55%
can knock Goblins back without killing them Giant Snowball
47%
is exactly double of another card Minion Horde
41%
can independently target two different troops at once Electro Wizard
38%
took years of didgeridoo lessons Dart Goblin
36%
can triple its attack speed Archer Queen
26%
has a weakness of cupcakes Mega Minion
6%
appears in Triple Draft, but not regular Draft Sparky
4%
No matching quizzes found
Score Distribution
Percent of People with Each Score
Percentile by Number Answered
Your Score History
You have not taken this quiz